مكتبة جامعة عجلون الوطنية

فهرس بحث المكتبة

النيابة العامة وسلطاتها في إنهاء الدعوى الجنائية بدون محاكمة (Record no. 3702)

MARC details
000 -LEADER
fixed length control field 01023nam a2200241Ii 4500
003 - CONTROL NUMBER IDENTIFIER
control field JO-AjNU
008 - FIXED-LENGTH DATA ELEMENTS--GENERAL INFORMATION
fixed length control field 230605s9999||||xx |||||||||||||| ||und||
017 ## - COPYRIGHT OR LEGAL DEPOSIT NUMBER
Copyright or legal deposit number 86/3421
020 ## - INTERNATIONAL STANDARD BOOK NUMBER
International Standard Book Number 977-103-269-0
040 ## - CATALOGING SOURCE
Original cataloging agency JO-AjNU
Language of cataloging ara
Description conventions rda
Transcribing agency JO-AjNU
041 ## - LANGUAGE CODE
Language code of text/sound track or separate title ara
050 14 - LIBRARY OF CONGRESS CALL NUMBER
Classification number K5425.A226.1986
100 3# - MAIN ENTRY--PERSONAL NAME
Personal name عبد الفتاح ، محمود سمير ,
Relator term author
9 (RLIN) 7153
245 00 - TITLE STATEMENT
Title النيابة العامة وسلطاتها في إنهاء الدعوى الجنائية بدون محاكمة
250 ## - EDITION STATEMENT
Edition statement (د،ط)
264 31 - PRODUCTION, PUBLICATION, DISTRIBUTION, MANUFACTURE, AND COPYRIGHT NOTICE
Place of production, publication, distribution, manufacture الاسكندرية : منشأة المعارف ، 1986
300 ## - PHYSICAL DESCRIPTION
Extent 318ص
Other physical details يشتمل على ببلوغرافيا المراجع ص ( 309 - 318 )
336 ## - CONTENT TYPE
Content type term text
Content type code txt
Source rdacontent
337 ## - MEDIA TYPE
Media type term unmediated
Media type code n
Source rdamedia
338 ## - CARRIER TYPE
Carrier type term volume
Carrier type code nc
Source rdacarrier
490 0# - SERIES STATEMENT
Series statement سلسلة الكتب القانونية
650 #4 - SUBJECT ADDED ENTRY--TOPICAL TERM
Topical term or geographic name entry element النيابة العامة -- قوانين وتشريعات -- مصر-- الدعوى الجنائية -- قوانين وتشريعات -- مصر
9 (RLIN) 7154
Holdings
Withdrawn status Lost status Source of classification or shelving scheme Damaged status Not for loan Home library Current library Shelving location Date acquired Total Checkouts Full call number Barcode Date last seen Price effective from Koha item type
    Library of Congress Classification     مكتبة جامعة عجلون الوطنية مكتبة جامعة عجلون الوطنية المجموعات العامة 06/06/2023   K5425.A226.1986 A134 06/06/2023 06/06/2023 Books